Những điểm mới của Bộ luật Tố tụng Hình sự năm 2015 góp phần nâng cao chất lượng tranh tụng tại phiên tòa theo tinh thần cải cách tư pháp /

Tallennettuna:
Bibliografiset tiedot
Päätekijä: Hoàng Thị Huyền Trang.
Aineistotyyppi: Artikkeli
Kieli:Vietnamese
Aiheet:
Tagit: Lisää tagi
Ei tageja, Lisää ensimmäinen tagi!
Thư viện lưu trữ: Thư viện Trường Đại học Đà Lạt
LEADER 00894nam a2200253 4500
001 DLU210195974
005 ##20210402
040 # # |a DLU  |b vie 
041 # # |a vie 
044 # # |a vn 
100 # # |a Hoàng Thị Huyền Trang. 
245 # # |a Những điểm mới của Bộ luật Tố tụng Hình sự năm 2015 góp phần nâng cao chất lượng tranh tụng tại phiên tòa theo tinh thần cải cách tư pháp /  |c Hoàng Thị Huyền Trang. 
653 # # |a Bộ luật Tố tụng Hình sự năm 2015  
653 # # |a Cải cách tư pháp 
653 # # |a Tòa án 
773 # # |t Nghề luật  |g Số 5, 2016, tr. 22-25 
920 # # |a Phòng Tạp chí -- Trung tâm Thông tin - Thư viện Trường Đại học Đà Lạt 
900 # # |a True 
911 # # |a Nguyễn Thị Thu Phương 
925 # # |a G 
926 # # |a A 
927 # # |a BB 
980 # # |a Thư viện Trường Đại học Đà Lạt